000 00419nam a2200133Ia 4500
008 180627s9999 xx 000 0 und d
020 _a9789812533166
100 _aPollack, Robert A.
245 _cRobert A. Pollack, Lorraine Findlay.
_aLaboratory exercises in mircobiology /
250 _a3rd ed
260 _aUSA:
_bJohn Wiley & Sons
_c2009
300 _aiv, 273 pages
650 _aMicrobiology -- Laboratory manuals.
999 _c358084
_d358084